| 000 | 01387nam a2200397 i 4500 | ||
|---|---|---|---|
| 001 | 56613 | ||
| 003 | KOSZ 005 | ||
| 005 | 20210831104357.0 | ||
| 008 | 090804s2006 pl a f |000 0 pol d | ||
| 020 | _a9788361380207 | ||
| 040 |
_cKOSZ 005 _aKOSZ 005 _dKOSZ 005/HR |
||
| 041 | _apol | ||
| 080 | _a391 | ||
| 080 | _a(083) | ||
| 100 | 1 |
_aTravers-Spencer, Simon _eAutor |
|
| 245 | 1 | 0 |
_aModa : _bkształty i style : przewodnik dla projektantów / _cSimon Travers-Spencer, Zarida Zaman ; [tł. Katarzyna Więcek]. |
| 246 | 1 |
_iTyt. oryg.: _aFashion designer's directory of shape and style |
|
| 260 |
_aWarszawa : _bABE Dom Wydawniczy, _c2008. |
||
| 300 |
_a144 s. : _bil. (gł. kolor.) ; _c25 cm. |
||
| 380 | _aKsiążki | ||
| 388 | _a2001- | ||
| 500 | _aTyt. oryg.: "The Fashion designer's directory of shape and style". | ||
| 504 | _aIndeks. | ||
| 650 | 9 | _aUbiór | |
| 650 | 9 | _aProjekty ubioru | |
| 650 | 4 | _aModa | |
| 650 | 4 | _aProjektowanie mody | |
| 655 | 4 | _aPoradnik | |
| 658 | _aKultura i sztuka | ||
| 658 | _aEtnologia i antropologia kulturowa | ||
| 700 | 1 |
_aWięcek, Katarzyna _eTłumaczenie |
|
| 700 | 1 |
_aZaman, Zarida _eAutor |
|
| 710 | _aABE Dom Wydawniczy | ||
| 856 |
_uhttp://koha.tu.kozalin.pl/cgi-bin/koha/opac-detail.pl?biblionumber=56613 _yKatalog online BPK |
||
| 942 |
_cKS _2UKD |
||
| 999 |
_c56613 _d56613 |
||